Estudio Nacional sobre Percepción y Acceso a la Justicia /

Esta publicación refleja los principales resultados de una encuesta nacional sobre percepción y acceso a la justicia llevada a cabo en su totalidad –desde el trabajo de campo hasta el informe final- por la Dirección Nacional de Política Criminal en Materia de Justicia y Legislación Penal. En dicho e...

Descripción completa

Guardado en:
Autor Corporativo: Dirección Nacional de Política Criminal en Materia de Justicia y Legislación Penal.
Formato: Libro
Idioma:Spanish
Publicado: Ciudad Autónoma de Buenos Aires : Ediciones SAIJ, 2018.
Edición:1a. ed.
Materias:
Acceso en línea:http://www.bibliotecadigital.gob.ar/items/show/2154
Etiquetas: Agregar Etiqueta
Sin Etiquetas, Sea el primero en etiquetar este registro!
LEADER 01264nam a22001935a 4500
001 DER.der014573
008 200214s2018####ag############000#0#spa#d
005 20260206094206.0
245 1 0 |a Estudio Nacional sobre Percepción y Acceso a la Justicia /  |c coordinado por Graciela Húbez ; Luis D´Angelo...[et. al.]. Dirección Nacional de Política Criminal en Materia de Justicia y Legislación Penal. 
250 |a 1a. ed. 
260 |a Ciudad Autónoma de Buenos Aires :  |b Ediciones SAIJ,  |c 2018. 
300 |a 152 p. 
520 |a Esta publicación refleja los principales resultados de una encuesta nacional sobre percepción y acceso a la justicia llevada a cabo en su totalidad –desde el trabajo de campo hasta el informe final- por la Dirección Nacional de Política Criminal en Materia de Justicia y Legislación Penal. En dicho estudio se analizan las experiencias, percepciones y opiniones de la población sobre la justicia en la República Argentina. 
020 |a 9789874196590 
110 2 |a Dirección Nacional de Política Criminal en Materia de Justicia y Legislación Penal. 
650 7 |a DERECHO PENAL  |2 SAIJ 
650 7 |a Acceso a la justicia  |2 SAIJ 
856 |u http://www.bibliotecadigital.gob.ar/items/show/2154 
859 |a DERECHO  |b BIB. DERECHO  |h 345  |i E81  |p 009864